The big bang theory characters by picture - Statistics

General Stats
  • This quiz has been taken 36 times
  • The average score is 13 of 17
Answer Stats
Picture Answer % Correct
Penny Hofstadter
100%
Sheldon Cooper
100%
Leonard Hofstadter
97%
Rajesh "Raj" Koothrappali
94%
Amy Farrah Fowler
92%
Howard Wolowitz
92%
Mary Cooper
86%
Stuart Bloom
86%
Bernadette Maryann Rostenkowski
83%
Wil Wheaton
72%
Melissa Cooper
61%
Barry Kripke
56%
Priya Koothrappali
53%
Bert Kibbler
50%
Beverly Hofstadter
47%
Emily Sweeney
47%
Leslie Winkle
39%
No matching quizzes found
Score Distribution
Percent of People with Each Score
Percentile by Number Answered
Your Score History
You have not taken this quiz